Ελληνική γλώσσα : παρόν-παρελθόν-μέλλον : μελετήματα, διαλέξεις και άρθρα 1977-1993
Αποθηκεύτηκε σε:
| Κύριος συγγραφέας: | |
|---|---|
| Μορφή: | Βιβλίο |
| Γλώσσα: | Greek |
| Δημοσίευση: |
Αθήνα :
Gutenberg,
1994
|
| Σειρά: | Γλωσσολογική βιβλιοθήκη ;
; 2 |
| Θέματα: | |
| Ετικέτες: |
Προσθήκη ετικέτας
Δεν υπάρχουν, Καταχωρήστε ετικέτα πρώτοι!
|
MARC
| LEADER | 00000nam a2200000 i 4500 | ||
|---|---|---|---|
| 001 | 1/80208 | ||
| 008 | 950830s1994 gre d | ||
| 020 | |a 960-01-0460-3 | ||
| 035 | |a 1995 |b 1 |c Σκούρτου |l 10033387 | ||
| 035 | |a 1998 |b 1 |c ΚΠΣ/ΔΕ | ||
| 040 | |a GR-MY-UA |b gre |e aacr | ||
| 041 | 0 | |a gre | |
| 082 | 0 | |a 489.3 | |
| 100 | 1 | |a Μπαμπινιώτης, Γεώργιος Δ., |d 1939- | |
| 245 | 1 | 0 | |a Ελληνική γλώσσα : |b παρόν-παρελθόν-μέλλον : μελετήματα, διαλέξεις και άρθρα 1977-1993 / |c Γεώργιος Μπαμπινιώτης |
| 260 | |a Αθήνα : |b Gutenberg, |c 1994 | ||
| 300 | |a 504 σ. | ||
| 490 | 1 | |a Γλωσσολογική βιβλιοθήκη |v ; 2 | |
| 504 | |a Περιέχει ευρετήρια | ||
| 650 | 0 | 0 | |a Greek language. |
| 650 | 0 | 0 | |a Greek language |x Study and teaching. |
| 650 | 0 | 0 | |a Speeches, addresses, etc. |
| 830 | 0 | |a Γλωσσολογική βιβλιοθήκη ; |v ; 2 | |
| 852 | |a INST |b LESVOS |e 19950830 |h 489.3 ΜΠΑ |p 005100002336 |q 005100002336 |t BK |y 0 | ||
| 852 | |a INST |b RHODES |e 19980603 |h 489.3 ΜΠΑ |p 005400006534 |q 005400006534 |t BK |y 0 | ||
| 852 | |a INST |b RHODES |e 19960827 |h 489.3 ΜΠΑ |p 005400007161 |q 005400007161 |t BK |y 0 | ||
| 909 | |a Ρ |b 053238 |c 1998 | ||
| 909 | |a Ρ |b 040093 |c 1995 | ||
| 909 | |a Λ |b 039792 | ||